[Event "Dortmund Sparkassen op-B"]
[Site "Dortmund"]
[Date "2013.08.02"]
[Round "7"]
[White "Juerhs, Jens"]
[Black "Knorr, Julian"]
[Result "1-0"]
[WhiteElo "1508"]
[BlackElo "1335"]
[PlyCount "59"]
[EventDate "2013.07.27"]
[EventType "swiss"]
[EventRounds "9"]
[EventCountry "GER"]
[SourceTitle "EXT 2022"]
[Source "ChessBase"]
[SourceDate "2021.10.06"]
[SourceVersion "1"]
[SourceVersionDate "2021.10.06"]
[SourceQuality "1"]

1. Nf3 d6 2. g3 Nf6 3. Bg2 g6 4. b3 Bg7 5. Bb2 0-0 6. d3 e5 7. c4 Nc6 8. 0-0 Nd7 9. Nbd2 f5 10. e3 Nf6 11. Qc2 Qe7 12. Rfc1 Re8 13. a3 a5 14. Kh1 Bd7 15. Ng1 Rab8 16. Ne2 Na7 17. d4 e4 18. d5 c5 19. dxc6 bxc6 20. Rab1 Rec8 21. Bc3 d5 22. a4 Qc5 23. Bd4 Qb4 24. Bxa7 Rb7 25. Bd4 c5 26. Bxf6 Bxf6 27. cxd5 Be8 28. Nf4 Bf7 29. Bf1 Rd7 30. Bb5 1-0